000 00674nam a22002177a 4500
005 20170124110109.0
010 _aB-079289
020 _c195.00
_a9788129101983
035 _aB-079289
037 _bCen Lib/Ret
040 _aDPL
_bEN
082 _a921
_bCHA
100 _aChatterji, Shoma A.
_928659
245 _aMrinal Sen :
_cby Shoma A.Chatterji
_b the survivor. /
260 _aNew Delhi
_bRupa & Co.
_c2003
270 _a7/16, Ansari Road Darya Ganj
_bNew Delhi
_e110002
300 _a70p. :
_c18cm(Hb)
_bill.
650 _aMotion pictures
_zIndia
_928660
650 _aMotion picture producers and directors
_924829
942 _2ddc
_cEN
_h921
_mCHA
999 _c130233
_d130233